|
|
|
|
| LEADER |
00624nab a2200181 i 4500 |
| 001 |
acta28924 |
| 005 |
20210219153726.0 |
| 008 |
161017s2008 hu o 0|| hun d |
| 022 |
|
|
|a 1219-0608
|
| 040 |
|
|
|a SZTE Egyetemi Kiadványok Repozitórium
|b hun
|
| 041 |
|
|
|a hun
|
| 100 |
1 |
|
|a Bácsi János
|
| 245 |
1 |
3 |
|a Az értő olvasás sikertényezői
|h [elektronikus dokumentum] :
|b III. A szemantika /
|c Bácsi János
|
| 260 |
|
|
|c 2008
|
| 300 |
|
|
|a 197-201
|
| 490 |
0 |
|
|a Módszertani közlemények
|v 48 No. 5
|
| 695 |
|
|
|a Neveléstudomány
|
| 856 |
4 |
0 |
|u http://acta.bibl.u-szeged.hu/28924/1/modszertani_048_005_197-201.pdf
|z Dokumentum-elérés
|